000 00839nam a22002177a 4500
999 _c58113
_d58113
005 20210618113118.0
008 210618s2014 enk||||| |||| 00| 0 eng d
020 _a9781906610708
041 _aeng
080 _a81'1+37.015.3 M-37
100 _aMason, Victoria
_912082
245 _aSpeech, Language & Communication :
_bPocketbook /
_cVictoria Mason, , Emela Milne.
264 _aHampshire :
_bTeathers Pocketbooks,
_c2014.
300 _a128 p.
_b10 cm.
653 _aმეტყველების, ენისა და კომუნიკაციის ჯიბის წიგნი
653 _aСправочник по речи, языку и общению
653 _aპრდაგოგიკა
653 _aПедагогика
700 _aMilneб Emela
_eავტორი
_912083
942 _2udc
_cBK